000 00583nam a2200205Ia 4500
003 GCL
008 140319s9999 xx 000 0 ara d
020 _a6044166977
040 _aGCL /
_cGCL
082 0 4 _a273.104
_bع ك
100 1 _aعوض سمعان
245 1 0 _aالكهنوت /
_cعوض سمعان
250 _aالثانية
260 _aالقاهرة :
_bدار الثقافة العربية ،
_c1985
300 _a469 ص ؛
_c20 سم
650 0 4 _aالعهد الجديد
650 0 4 _aالدين المسيحى
650 0 4 _aالكهنوت
942 _2ddc
_cBK
999 _c58483
_d58483